Statistics for South Africa A-Z

Click here to take the quiz!

General Stats

  • This quiz has been taken 751 times
    (660 since last reset)
  • The average score is 18 of 26

Answer Stats

HintAnswer% Correct
APeriod of racial segregationApartheid
97%
COldest city in South AfricaCape Town
95%
JMost populous cityJohannesburg
94%
LCountry that is surrounded
by South Africa
Lesotho
93%
MFirst African presidentMandela
91%
ZDominant ethnic groupZulu
90%
NCountry that gained independence
from South Africa in 1990
Namibia
89%
UCountry that colonized South AfricaUnited Kingdom
88%
EOne of the official languagesEnglish
83%
BDutch-descended peopleBoers
81%
KLargest desertKalahari
81%
RCurrency of South AfricaRand
74%
GThis was found near J in 1886Gold
69%
V2010 World Cup noisemakersVuvuzela
69%
HType of surgery that was first
performed by Christiaan Barnard
Heart
Transplant
67%
SRugby union team nicknameSpringboks
66%
XNative language of MXhosa
64%
OLongest riverOrange
63%
PMajor city with initials PEPort Elizabeth
56%
TActress in "Monster" and "Tully"Theron
55%
DMajor diamond companyDe Beers
52%
YDisease Max Theiler developed
a vaccine against in 1937
Yellow Fever
52%
IMedium-sized antelopeImpala
45%
WProvince in which C is situatedWestern Cape
42%
FModern-day province that was
once the country of B
Free State
35%
QExtinct half-striped
South African zebra
Quagga
21%

Score Distribution

Percentile by Number Answered

Percent of People with Each Score

Your Score History

You have not taken this quiz since the last reset